000 00792nas a2200229 4500
001 BR9506149
003 BR-BrBNA
005 20231205094215.0
007 ta
008 230509b bl.|||p| |||| 00| 00por d
040 _aBR-BrBNA
_bpor
_cBiblioteca Nacional de Agricultura
041 _a(Pt)
072 _aL60
100 1 _aGaravello, J.C.
245 1 _aDescricao de uma nova especie do genero Schizodon agassiz da Bacia do Rio Uruguai, Brasil (Ostariophysi, Anostomidae)
650 _aPeixe de Agua Doce
650 _aTaxonomia Animal
650 _aRio Uruguai
773 0 _tComunicacoes do Museu de Ciencias e Tecnologia da PUCRS. Serie Zoologia (Brazil)
_xISSN 0104-6950
_g(Dec 1994), v. 7 p. 179-193
_wBR9506149
909 _a202311
_bLúcia
_c55
_dLúcia Elande
942 _2AGRIS
_n0
_cANA
999 _c142764
_d142764